Charakteristika ekonomiky Chorvátska

Pohľad na ekonomickú pozíciu Chorvátska. Popis vývoja jednotlivých kľúčových oblastí ekonomiky. Aktuálny makroekonomický vývoj. Zahraničný obchod a priame zahraničné investície.

Gespeichert in:
Bibliographische Detailangaben
1. Verfasser: Hniličan, Vladimír
Format: Buchkapitel
Sprache:Slowakisch
Schlagworte:
Tags: Tag hinzufügen
Keine Tags, Fügen Sie das erste Tag hinzu!

MARC

LEADER 00000naa a2200000 4500
001 0119824
005 20240502072334.2
041 0 |a slo 
044 |a SK 
245 1 0 |a Charakteristika ekonomiky Chorvátska  |c Vladimír Hniličan 
520 |a Pohľad na ekonomickú pozíciu Chorvátska. Popis vývoja jednotlivých kľúčových oblastí ekonomiky. Aktuálny makroekonomický vývoj. Zahraničný obchod a priame zahraničné investície. 
610 2 0 |a Chorvátsko 
610 2 0 |a vývoj hospodársky 
610 2 0 |a ukazovatele makroekonomické 
610 2 0 |a obchod zahraničný 
610 2 0 |a investície priame zahraničné 
610 2 0 |a situácia hospodárska 
100 1 |a Hniličan, Vladimír